[Event "Buna-Turnier"]
[Site "Halle"]
[Date "1981.??.??"]
[Round "3"]
[White "Hausner, Ivan"]
[Black "Vogt, Lothar"]
[Result "1/2-1/2"]
[WhiteElo "2435"]
[BlackElo "2450"]

1.d4 Nf6 2.c4 d6 3.Nf3 g6 4.g3 Bg7 5.Bg2 O-O 6.O-O Nbd7 7.Nc3 e5 8.e4 a6
9.dxe5 Nxe5 10.Nxe5 dxe5 11.h3 Be6 12.b3 c6 13.Be3 b5 14.cxb5 axb5 15.Qc2 Nd7
16.a4 b4 17.Nb1 Rc8 18.Rd1 Qe7 19.Nd2 f5 20.Nc4 f4 21.Bd2 Qc5 22.g4 h5 23.gxh5 gxh5
24.Rac1 Rf6 25.Qd3 Qe7 26.Nd6 Rcf8 27.Nf5 Bxf5 28.exf5 Rxf5 29.Bxc6 Rg5+
30.Kf1 Nb6 31.Qe4 Qe6 32.Qf3 Rg3  1/2-1/2

[Event "Buna-Turnier"]
[Site "Halle"]
[Date "1981.??.??"]
[Round "9"]
[White "Malich, Burkhard"]
[Black "Vogt, Lothar"]
[Result "1/2-1/2"]
[WhiteElo "2450"]
[BlackElo "2450"]

1.Nf3 Nf6 2.d4 g6 3.c4 Bg7 4.g3 O-O 5.Bg2 d6 6.O-O c5 7.dxc5 dxc5 8.Nc3 Nc6
9.Bf4 Bf5 10.Qxd8 Rfxd8 11.Rfd1 Bc2 12.Rdc1 Bf5 13.Rd1 Bc2 14.Rdc1 Bf5  1/2-1/2

[Event "POL-chT"]
[Site "Lubniewice"]
[Date "1981.??.??"]
[Round "1"]
[White "Bakalarz, Mieczyslaw"]
[Black "Sek, Zbigniew"]
[Result "1-0"]
[WhiteElo "2200"]
[BlackElo "2200"]

1.d4 Nf6 2.c4 g6 3.g3 Bg7 4.Bg2 O-O 5.Nf3 d6 6.O-O c6 7.Nc3 Nbd7 8.e4 e5
9.h3 Qb6 10.Re1 Re8 11.d5 cxd5 12.cxd5 Nc5 13.Rb1 a5 14.Be3 Bd7 15.Nd2 Rec8
16.Nc4 Qc7 17.Na3 Qd8 18.Qe2 b6 19.Kh2 Rab8 20.Rec1 Ne8 21.Nab5 Rb7 22.b3 f5
23.f3 Bxb5 24.Nxb5 Rf7 25.a3 Ra8 26.b4 axb4 27.axb4 Nd7 28.g4 fxe4 29.fxe4 Ndf6
30.Rc6 Rb8 31.Rbc1 Bf8 32.Qc4 Rbb7 33.Rc8 Qe7 34.Kg1 g5 35.Qc6 h5 36.Bxg5 Rd7
37.gxh5 Rg7 38.Rxe8 Qxe8 39.Bxf6 Rxg2+ 40.Kxg2 Qxh5 41.Rg1  1-0

[Event "Lvov"]
[Site "Lvov"]
[Date "1981.??.??"]
[Round "2"]
[White "Romanishin, Oleg M"]
[Black "Cabrilo, Goran"]
[Result "1/2-1/2"]
[WhiteElo "2595"]
[BlackElo "2425"]

1.Nf3 Nf6 2.g3 g6 3.Bg2 Bg7 4.c4 d6 5.d4 O-O 6.O-O c5 7.b3 Nc6 8.Bb2 cxd4
9.Nxd4 Bd7 10.Nc3 Qa5 11.e3 Rfc8 12.h3 Rab8 13.Re1 a6 14.a4 Qb6 15.Rb1 Nb4
16.Qd2 Bc6 17.e4 e6 18.Nd1 a5 19.Nc3 Rd8 20.Ndb5 Nd7 21.Na2 Bxb2 22.Rxb2 Nxa2
23.Rxa2 Nc5 24.Qe3 Bxb5 25.axb5 Qc7 26.h4 b6 27.Rd1 Qe7 28.Rad2 Rd7 29.Bf3 Rbd8
30.h5 Qf6 31.Kg2 Qe5 32.Re1 Rf8 33.Bd1 f5 34.exf5 Qxe3 35.Rxe3 gxf5 36.Bf3 Kf7
37.Bc6 Rdd8 38.Rb2 Kf6 39.b4 axb4 40.Rxb4 Rf7 41.Ra3  1/2-1/2

[Event "Lvov"]
[Site "Lvov"]
[Date "1981.??.??"]
[Round "4"]
[White "Buturin, Vladimir"]
[Black "Cabrilo, Goran"]
[Result "0-1"]
[WhiteElo "2310"]
[BlackElo "2425"]

1.d4 Nf6 2.Nf3 g6 3.c4 Bg7 4.g3 O-O 5.Bg2 d6 6.O-O Nbd7 7.Nc3 e5 8.e4 a6
9.dxe5 dxe5 10.Qc2 c6 11.h3 b5 12.Be3 Re8 13.Rfd1 Qc7 14.c5 Bf8 15.Ne2 a5
16.a3 Nb8 17.Nc1 Nh5 18.Nd3 Nd7 19.g4 Ng7 20.b4 Ne6 21.a4 Ba6 22.axb5 Bxb5
23.bxa5 Bxd3 24.Rxd3 Ndxc5 25.Rda3 Na6 26.Ra4 Bc5 27.Bf1 Bxe3 28.fxe3 Reb8
29.Bc4 Nec5 30.R4a3 Nb4 31.Qb1 Qe7 32.Qb2 Nxe4 33.Qxe5 Qxe5 34.Nxe5 Nc2 35.Nxc6 Nxa3
36.Bd3 Rb3 37.Bxe4 Ra6 38.Kf2 Kg7 39.Nd4 Rb2+ 40.Kf3 Nc4 41.Ra4 Nxa5 42.Kg3 Rbb6
43.Bd3 Ra7 44.Bb5 Kf8 45.h4 Kg7 46.Kf2 Rb8 47.Be2 Rb2 48.Nb5 Ra6 49.g5 h6
50.Kf3 Ra8 51.Nd6 hxg5 52.hxg5 Rd8 53.Nf5+ gxf5 54.Rxa5 Rdd2 55.Bc4 Rf2+
56.Kg3 Rg2+ 57.Kh3 Rh2+ 58.Kg3 Rbg2+ 59.Kf3 Rf2+ 60.Kg3 Rhg2+ 61.Kh3 Rxg5
62.Ra7 Rf3+ 63.Kh2 Rxe3 64.Bxf7 Kf6 65.Bd5 Re7 66.Ra6+ Ke5 67.Bg2 Rg4 68.Kg1 Rd7
69.Kf1 Rd2 70.Bf3 Rg3 71.Be2 Re3 72.Ra5+ Kf4 73.Ba6 Kg3 74.Ra1 f4  0-1

[Event "Lvov"]
[Site "Lvov"]
[Date "1981.??.??"]
[Round "11"]
[White "Romanishin, Oleg M"]
[Black "Rashkovsky, Nukhim N"]
[Result "1/2-1/2"]
[WhiteElo "2595"]
[BlackElo "2535"]

1.Nf3 Nf6 2.g3 g6 3.Bg2 Bg7 4.d4 O-O 5.c4 d6 6.O-O c5 7.b3 cxd4 8.Nxd4 Nc6
9.Bb2 Bd7 10.Nc3 Nxd4 11.Qxd4 Bc6 12.Nd5 Bxd5 13.Bxd5 Ne8 14.Qd2 Bxb2 15.Qxb2 Rb8
16.Rfd1 Qb6 17.Bf3 Nf6 18.Rd4 Qc5 19.Rad1 a5 20.h4 b5 21.Qd2 Rfc8 22.h5 bxc4
23.Rxc4 Qe5 24.Ra4 Rc5 25.hxg6 hxg6 26.Kg2 Kg7 27.Rh1 g5 28.Rc1 Rxc1 29.Qxc1 Rb4
30.Rxb4 axb4 31.g4 Qc5 32.Qd2 e6 33.e3 Ne8 34.Qb2+ Kf8 35.Kf1 Ke7 36.Be2 Nf6
37.Bf3 Ne8 38.Be2 Nc7 39.Qg7 Qc1+ 40.Kg2 Qc6+ 41.Kg1 Qc5 42.Kf1 Qd5 43.Ke1 Qa5
44.Kf1 Ne8 45.Qd4 Nf6 46.Bf3 Nd7 47.Qe4 Nc5 48.Qc2 Qa6+ 49.Be2 Qa8 50.Kg1 Qh8
51.Bd1 Qe5 52.Qd2 Qe4 53.Be2 Nd7 54.Qc1 Qd5 55.Qc7 Qc5 56.Qb7 Qb6 57.Qa8 Qc5
58.Qb7  1/2-1/2

[Event "Malaga"]
[Site "Malaga"]
[Date "1981.??.??"]
[Round "7"]
[White "Bellon Lopez, Juan Manuel"]
[Black "Martin Gonzalez, Angel"]
[Result "0-1"]
[WhiteElo "2415"]
[BlackElo "2365"]

1.c4 g6 2.Nf3 Bg7 3.d4 Nf6 4.g3 O-O 5.Bg2 d6 6.b3 Nbd7 7.Bb2 e5 8.dxe5 dxe5
9.O-O e4 10.Nd4 Re8 11.Nc2 c6 12.Nc3 Qa5 13.e3 Ne5 14.b4 Qa6 15.b5 Qb6 16.Nxe4 Nxe4
17.Bxe4 Nxc4 18.Bxg7 Kxg7 19.Bg2 cxb5 20.Nd4 Bd7 21.a4 b4 22.Qb3 Rac8 23.a5 Qc5
24.Rfc1 b5 25.axb6 axb6 26.Rab1 Rc7 27.Bc6 Bxc6 28.Rxc4 Qd6 29.Qxb4 Qd5 30.Nxc6 Rxc6
31.Qc3+ Rf6 32.Rxb6 Qd1+ 33.Kg2 Qf3+ 34.Kh3 Qf5+ 35.Kg2 Qxf2+ 36.Kh3 Qf5+
37.g4 Qf3+ 38.Kh4 Qf2+ 39.Kh3 Rxe3+  0-1

[Event "Malaga"]
[Site "Malaga"]
[Date "1981.??.??"]
[Round "8"]
[White "Csom, Istvan"]
[Black "Ivkov, Borislav"]
[Result "1/2-1/2"]
[WhiteElo "2500"]
[BlackElo "2540"]

1.Nf3 g6 2.d4 Bg7 3.c4 d6 4.g3 Nf6 5.Bg2 O-O 6.Nc3 c6 7.O-O Qa5 8.h3 Be6
9.d5 cxd5 10.Nd4 Bd7 11.Nb3 Qc7 12.cxd5 Na6 13.e4 Nc5 14.Be3 Na4 15.Nxa4 Bxa4
16.Qd3 Nd7 17.Rac1 Qd8 18.Qc4 Nb6  1/2-1/2

[Event "Sokolsky mem"]
[Site "Minsk"]
[Date "1981.??.??"]
[Round "6"]
[White "Barkovsky, E."]
[Black "Maryasin, Boris"]
[Result "0-1"]
[WhiteElo "2200"]
[BlackElo "2405"]

1.Nf3 Nf6 2.c4 g6 3.d4 Bg7 4.g3 O-O 5.Bg2 d6 6.O-O Nc6 7.Nc3 a6 8.Bd2 Bg4
9.d5 Bxf3 10.exf3 Nd4 11.Be3 c5 12.dxc6 Nxc6 13.Rc1 Rc8 14.Bh3 e6 15.f4 Qa5
16.Bg2 Rfd8 17.Qa4 Qh5 18.h3 d5 19.cxd5 exd5 20.Bb6 Rd6 21.Bc5 Rd7 22.Qd1 Qf5
23.Ne2 d4 24.g4 Qe6 25.Qd3 Re8 26.Ng3 Qxa2 27.Ba3 Nd5 28.Qd2 Qb3 29.Rfe1 Rxe1+
30.Rxe1 Rd8 31.Ne4 b6 32.f5 d3 33.f6 Bh8 34.g5 Nd4 35.Kh1 Qc2 36.Rd1 Nf4
37.Nc3 Qxd2 38.Rxd2 Nb3 39.Rd1 d2 40.Bf1 b5 41.Be7 Rd4 42.f3 h6 43.h4 hxg5
44.hxg5 Ne6 45.Bh3 Nxg5 46.Bc8 b4 47.Ne2 Rc4 48.Bxa6 Rc1 49.Nxc1 dxc1=Q 50.Rxc1 Nxc1
51.Kg2 Nb3 52.Bc4 Nd4 53.f4 Ne4 54.Bxb4 Bxf6 55.Bd5 Nc2 56.Ba5 Nd6 57.Bb3 Ne3+
58.Kf2 Nef5  0-1

[Event "Moscow-ch"]
[Site "Moscow"]
[Date "1981.??.??"]
[Round "15"]
[White "Vaganian, Rafael A"]
[Black "Bronstein, David I"]
[Result "1/2-1/2"]
[WhiteElo "2565"]
[BlackElo "2490"]

1.d4 Nf6 2.c4 g6 3.Nf3 Bg7 4.g3 O-O 5.Bg2 d6 6.O-O Nbd7 7.Qc2 e5 8.Rd1 Re8
9.dxe5 dxe5 10.e4 c6 11.h3 Nh5 12.Be3 Qe7 13.a3 Nf8 14.c5 f5 15.Bg5 Qf7 16.Bc1 Ne6
17.Nbd2 Rd8 18.Nc4 Rxd1+ 19.Qxd1 Nxc5 20.Ncxe5 Qe8 21.exf5 Bxf5 22.Be3 Rd8
23.Bxc5 Rxd1+ 24.Rxd1 Nf6 25.Bxa7 Be4 26.Bc5 Bd5 27.Re1 Ne4  1/2-1/2

[Event "Nis"]
[Site "Nis"]
[Date "1981.??.??"]
[Round "3"]
[White "Pavlovic, Dragan"]
[Black "Krnic, Zdenko"]
[Result "1/2-1/2"]
[WhiteElo "2345"]
[BlackElo "2430"]

1.d4 Nf6 2.c4 g6 3.Nf3 Bg7 4.g3 O-O 5.Bg2 d6 6.O-O c6 7.Nc3 Qa5 8.h3 e5 9.e4 exd4
10.Nxd4 Qc5 11.Nde2 Qxc4 12.Qxd6 Na6 13.b3 Qe6 14.Ba3 Re8 15.Rad1 Qxd6 16.Bxd6 Be6
17.f4 Rad8 18.e5 Nd7 19.g4 Nb6 20.Ng3 Nc8 21.Nge4 Nxd6 22.Nxd6 Re7 23.Nf5 Ree8
24.Nxg7 Kxg7 25.Ne4 Rxd1 26.Rxd1 Nb4 27.Nf6 Rc8 28.Rd2 a5 29.Be4 a4 30.f5 Bd5
31.Bxd5 cxd5 32.bxa4 Ra8 33.a3 Nc6 34.Nd7 gxf5 35.gxf5 Rxa4 36.Rxd5 Rxa3
37.Rb5 Ra5 38.Rxa5 Nxa5 39.Kf2 Nc6 40.Ke3 Kh6  1/2-1/2

[Event "Nis"]
[Site "Nis"]
[Date "1981.??.??"]
[Round "9"]
[White "Djukic, Zeljko"]
[Black "Pavlovic, Dragan"]
[Result "0-1"]
[WhiteElo "2380"]
[BlackElo "2345"]

1.d4 Nf6 2.c4 g6 3.Nf3 Bg7 4.g3 O-O 5.Bg2 d6 6.O-O Nbd7 7.Nc3 e5 8.e4 c6
9.h3 Qb6 10.d5 cxd5 11.cxd5 Nc5 12.Nd2 Bd7 13.Nc4 Qa6 14.b3 b5 15.b4 Ncxe4
16.Nxe4 Nxe4 17.Na5 Nc3 18.Qd2 Na4 19.Ba3 Nb6 20.Bb2 Rac8 21.Rfc1 Rxc1+ 22.Rxc1 Nc4
23.Nxc4 bxc4 24.Bf1 Rc8 25.a3 Rc7 26.Kh2 Qc8 27.Bc3 Qf8 28.Qc2 Bh6 29.Ra1 f5
30.a4 f4 31.g4 f3 32.Bd2 Bf4+ 33.Kg1 Qh6 34.Bxf4 Qxf4 35.b5 c3 36.a5 Qd2
37.Ra2 Qe1 38.Qa4  0-1

[Event "Nis"]
[Site "Nis"]
[Date "1981.??.??"]
[Round "10"]
[White "Csom, Istvan"]
[Black "Ciocaltea, Victor"]
[Result "1/2-1/2"]
[WhiteElo "2500"]
[BlackElo "2450"]

1.Nf3 g6 2.d4 Nf6 3.g3 Bg7 4.Bg2 O-O 5.c4 d6 6.Nc3 Nbd7 7.O-O e5 8.h3 c6
9.e4 Qb6 10.dxe5 Nxe5 11.Nxe5 dxe5 12.Qc2 Be6  1/2-1/2

[Event "Pamporovo"]
[Site "Pamporovo"]
[Date "1981.??.??"]
[Round "3"]
[White "Djuric, Stefan"]
[Black "Danailov, Silvio"]
[Result "1-0"]
[WhiteElo "2435"]
[BlackElo "2310"]

1.c4 g6 2.d4 Nf6 3.g3 Bg7 4.Bg2 O-O 5.Nf3 d6 6.O-O c6 7.h3 Nbd7 8.Qc2 e5
9.Nc3 Re8 10.Rd1 a6 11.dxe5 dxe5 12.Be3 Qe7 13.a3 a5 14.Na4 Nh5 15.c5 Nhf6
16.Nh2 Nd5 17.Bxd5 cxd5 18.Rxd5 Nf6 19.Bg5 Bxh3 20.Nb6 Rad8 21.Rad1 h6 22.Qd2 Rb8
23.Bxf6 Qxf6 24.Rd6 Qf5 25.Nd5 h5 26.b4 axb4 27.axb4 Kh8 28.Ne3 Qg5 29.Nf3 Qh6
30.Kh2 Be6 31.Kg2 Bf6 32.Nd5 Qxd2 33.Rxd2 Bxd5 34.R2xd5 Kg7 35.e4 Re7 36.Rb6 Rc7
37.Nd2 Ra8 38.Nc4 Ra4 39.Nd6 Re7 40.Nc8 Rc7 41.Nd6 Re7 42.Nxb7 Ra2 43.c6  1-0

[Event "Rostock"]
[Site "Rostock"]
[Date "1981.??.??"]
[Round "4"]
[White "Malich, Burkhard"]
[Black "Jakat, Thomas"]
[Result "1-0"]
[WhiteElo "2450"]
[BlackElo "2240"]

1.Nf3 Nf6 2.c4 d6 3.d4 g6 4.g3 Bg7 5.Bg2 O-O 6.O-O Nbd7 7.Qc2 e5 8.Rd1 Re8
9.dxe5 dxe5 10.e4 Qe7 11.h3 Nc5 12.Nc3 c6 13.Be3 Nfd7 14.b4 Na6 15.a3 Nb6
16.Nd2 Be6 17.Bf1 f5 18.c5 f4 19.gxf4 exf4 20.Bxf4 Qf6 21.Ne2 Nd7 22.Nc4 g5
23.Bg3 Qh6 24.Nd4 Bxh3 25.Nd6 Rf8 26.N4f5 Bxf5 27.Nxf5  1-0

[Event "Rostock"]
[Site "Rostock"]
[Date "1981.??.??"]
[Round "6"]
[White "Neckar, Lubomir"]
[Black "Hesse, Peter"]
[Result "1/2-1/2"]
[WhiteElo "2375"]
[BlackElo "2370"]

1.Nf3 Nf6 2.c4 g6 3.g3 Bg7 4.Bg2 d6 5.d4 O-O 6.O-O Nc6 7.d5 Na5 8.Nfd2 c6
9.Na3 c5 10.Rb1 e5 11.b3 b6 12.Bb2 Nh5 13.e4 Bh6 14.Nc2 Bd7 15.Qe2 Qe7 16.Ne1 Rae8
17.Nd3 f5 18.exf5 Bxf5 19.Ne4 Nb7 20.Rbe1 Qd7 21.Qd1 Nd8 22.f3 Nf7 23.f4 Bg7
24.Nxd6 Qxd6 25.fxe5 Rxe5 26.Nxe5 Nxe5 27.Qe2 Nf7 28.Bxg7 Nxg7 29.Qe7 a5
30.g4 Qxe7 31.Rxe7 Bxg4 32.Rb7 Nf5 33.Re1 Ng5 34.Rxb6 Nd4 35.Rf1 Re8 36.d6 Re2
37.Bd5+ Kg7 38.Rb7+ Kh6 39.d7 Nh3+ 40.Kh1 Bxd7 41.Rxd7 Rxa2 42.Bg2 Nf2+ 43.Kg1 Ng4
44.h3 Ne3 45.Rf2 Ra1+ 46.Kh2 Nxb3 47.Bd5 a4 48.Bg8 Nf5 49.h4 Kh5 50.Rxh7+ Kg4
51.Be6 Nd4 52.Bxf5+ gxf5 53.Rg7+ Kxh4 54.Rg3 Rb1 55.Rf4+ Kh5 56.Kh3 Rh1+
57.Kg2 Rb1 58.Kh3 Rh1+  1/2-1/2

[Event "Sarajevo"]
[Site "Sarajevo"]
[Date "1981.??.??"]
[Round "4"]
[White "Csom, Istvan"]
[Black "Uhlmann, Wolfgang"]
[Result "1/2-1/2"]
[WhiteElo "2500"]
[BlackElo "2475"]

1.Nf3 Nf6 2.d4 g6 3.g3 Bg7 4.Bg2 O-O 5.c4 d6 6.Nc3 Nbd7 7.O-O e5 8.h3 c6
9.e4 Qb6 10.dxe5 Nxe5 11.Nxe5 dxe5 12.Qc2 Be6 13.Be3 Qa5 14.b3 Rfd8  1/2-1/2

[Event "Sarajevo"]
[Site "Sarajevo"]
[Date "1981.??.??"]
[Round "6"]
[White "Csom, Istvan"]
[Black "Arapovic, Vitomir"]
[Result "0-1"]
[WhiteElo "2500"]
[BlackElo "2380"]

1.Nf3 g6 2.c4 d6 3.d4 Bg7 4.g3 Nf6 5.Bg2 O-O 6.Nc3 c5 7.d5 Na6 8.O-O Nc7
9.Bf4 a6 10.a4 Rb8 11.a5 b5 12.axb6 Rxb6 13.b3 Nh5 14.Bd2 e5 15.dxe6 fxe6
16.Ra2 Rb8 17.Ne4 Ne8 18.Bg5 Qc7 19.Rd2 Rb6 20.Rd3 Nhf6 21.Nc3 Bd7 22.Bh3 h6
23.Be3 g5 24.Nd2 Rf7 25.Nde4 Bf8 26.Qc2 d5 27.cxd5 exd5 28.Bxd7 Qxd7 29.Nxc5 Qh3  0-1

[Event "Smederevska Palanka"]
[Site "Smederevska Palanka"]
[Date "1981.??.??"]
[Round "4"]
[White "Ornstein, Axel"]
[Black "Ermenkov, Evgenij"]
[Result "0-1"]
[WhiteElo "2475"]
[BlackElo "2490"]

1.d4 Nf6 2.c4 g6 3.Nf3 Bg7 4.g3 O-O 5.Bg2 d6 6.O-O Nc6 7.Nc3 a6 8.d5 Na5
9.Nd2 c5 10.Qc2 Rb8 11.b3 b5 12.Bb2 bxc4 13.bxc4 Bh6 14.f4 e5 15.dxe6 Bxe6
16.Nd5 Rxb2 17.Qxb2 Bg7 18.Qa3 Nxc4 19.Nxc4 Nxd5 20.Rac1 Nb4 21.Rfd1 d5 22.Kh1 Qb8
23.Nb2 Rc8 24.Nd3 Nxd3 25.Qxd3 c4 26.Qf3 Bb2 27.Rc2 Bf5 28.Rxb2 Qxb2 29.Qxd5 c3  0-1

[Event "BUL-ch"]
[Site "Sofia"]
[Date "1981.??.??"]
[Round "1"]
[White "Stefanov, Krasimir"]
[Black "Grigorov, Jordan N"]
[Result "1/2-1/2"]
[WhiteElo "2315"]
[BlackElo "2405"]

1.Nf3 Nf6 2.g3 g6 3.c4 Bg7 4.d4 O-O 5.Bg2 d6 6.O-O Bg4 7.h3 Bxf3 8.Bxf3 Nc6
9.e3 Nd7 10.Nd2 e5 11.d5 Ne7 12.e4 f5 13.Rb1 a5 14.Bg2 Nc5 15.b3 Qd7 16.Qe2 Rae8
17.a3 fxe4 18.b4 axb4 19.axb4 Na4 20.Nxe4 b5 21.cxb5 Nb6 22.Ng5 Nf5 23.Bb2 Bh6
24.Ne6 Rf7 25.h4 Qe7 26.h5 Qf6 27.Qg4 Ng7 28.Nxg7 Rxg7 29.hxg6 Rxg6 30.Qh5 Qg5
31.Qh3 Qg4 32.Qxg4 Rxg4 33.Bc1 Bxc1 34.Rfxc1 Re7 35.Bf3 Rd4 36.Rd1 Rc4 37.Be2 Rd4
38.Rxd4 exd4 39.Bf3 Re5 40.Rd1 Nxd5 41.Rxd4 Nb6 42.Bc6 Kg7 43.Kg2 Kf6 44.Rh4 Kg7
45.Kf3 h6 46.Rh1 Re7 47.g4 Nc4 48.Kg3 Ne5 49.Rc1 Nd3 50.Rc4 Nb2 51.b6 cxb6
52.Rd4 Re6 53.Bd7 Re1 54.Rxd6 Rd1 55.Rxd1 Nxd1 56.Kf3 Nc3 57.Bc6 b5 58.Kf4 Na2
59.Ke5 Nxb4 60.Bxb5 Nc2 61.Bd3 Nb4 62.Be4 Na6 63.Bc6 Nc5 64.Bb5 Nb7 65.f4 Nd8
66.Kd6 h5 67.gxh5 Nf7+ 68.Ke6 Nh6 69.Be2 Nf7 70.Bg4 Nh6 71.Bf5 Nf7 72.Ke7 Nh6
73.Be6 Kh8 74.Kf6 Kh7 75.Bf5+ Kh8 76.Bd7 Ng8+ 77.Kg6 Ne7+ 78.Kg5 Kh7 79.h6 Kg8
80.Be6+ Kh8 81.Bd7 Kg8 82.Bf5 Nc6 83.Be4 Nd4 84.Kg6 Kh8 85.Bb1  1/2-1/2

[Event "BUL-ch"]
[Site "Sofia"]
[Date "1981.??.??"]
[Round "14"]
[White "Kirov, Nino"]
[Black "Grigorov, Jordan N"]
[Result "1-0"]
[WhiteElo "2430"]
[BlackElo "2405"]

1.Nf3 g6 2.d4 Bg7 3.c4 Nf6 4.g3 O-O 5.Bg2 d6 6.O-O Nbd7 7.Nc3 e5 8.e4 a6
9.Re1 c6 10.h3 b5 11.c5 exd4 12.Nxd4 Nxc5 13.Nxc6 Qc7 14.Bf4 Bb7 15.e5 dxe5
16.Rxe5 Rad8 17.Nxd8 Rxd8 18.Rd5 Rxd5 19.Bxc7 Rxd1+ 20.Rxd1 Bxg2 21.Kxg2 b4
22.Nd5  1-0

[Event "BUL-ch"]
[Site "Sofia"]
[Date "1981.??.??"]
[Round "16"]
[White "Stefanov, Krasimir"]
[Black "Georgiev, Krum"]
[Result "1/2-1/2"]
[WhiteElo "2315"]
[BlackElo "2485"]

1.d4 Nf6 2.Nf3 g6 3.c4 Bg7 4.g3 d6 5.Bg2 O-O 6.Nc3 c6 7.O-O a6 8.e4 Nfd7
9.Be3 b5 10.Nd2 Bb7 11.Rc1 c5 12.d5 Ne5 13.Qe2 bxc4 14.Nxc4 Nxc4 15.Qxc4 Nd7
16.Qe2 a5 17.Rfd1 a4 18.Qc2 Qa5 19.Bg5 Rfe8 20.b3 axb3 21.axb3 Ne5 22.h3 Ba6
23.Ne2 Qb5 24.Nc3 Qb4 25.Na2 Qb7 26.Nc3 Reb8 27.Rb1 Kf8 28.Be3 Qb4 29.Na2 Qa5
30.Nc1 Qa3 31.Bd2 c4 32.Bc3 cxb3 33.Rxb3 Rxb3 34.Qxb3 Qxb3 35.Nxb3 Be2 36.Re1 Bc4
37.Nd2 Bd3 38.Bf1 Ra3 39.Bxe5 Bxe5 40.Nc4 Bxc4 41.Bxc4 Bd4 42.Kg2  1/2-1/2

[Event "Svendborg"]
[Site "Svendborg"]
[Date "1981.??.??"]
[Round "5"]
[White "Sloth, Jorn"]
[Black "Ost Hansen, Jacob"]
[Result "1-0"]
[WhiteElo "2380"]
[BlackElo "2395"]

1.d4 Nf6 2.Nf3 g6 3.c4 Bg7 4.g3 O-O 5.Bg2 d6 6.O-O Nbd7 7.Qc2 e5 8.Rd1 Re8
9.Nc3 c6 10.e4 Qc7 11.h3 a6 12.Be3 b6 13.Rac1 Bb7 14.dxe5 dxe5 15.Na4 Bf8
16.c5 b5 17.Nb6 Rab8 18.Nd2 Be7 19.b4 Nf8 20.Nb3 Bc8 21.a4 Be6 22.Na5 h5
23.f4 h4 24.f5 gxf5 25.exf5 Bd5 26.g4 e4 27.axb5 axb5 28.g5 N6h7 29.f6 Nxf6
30.gxf6 Bxf6 31.Qf2 Re6 32.Nxd5 cxd5 33.Nb3 Be5 34.Nd4 Bg3 35.Qe2 Rg6 36.Kh1 Ne6
37.Nxb5 Qe5 38.Nd4 Nf4 39.Bxf4 Bxf4 40.Rc2 Qg5 41.Qg4 Qe5 42.Qf5 Qc7 43.b5 Be3
44.Nc6 Re8 45.Nb4 d4 46.Nd5 Qg3 47.Rf1 Kh8 48.Qxf7 Ree6 49.Nxe3 dxe3 50.Ra2 Qb8
51.Ra7 Qg8 52.Re1 Re5 53.Rxe3 Rxc5 54.Rxe4 Rc8 55.Rxh4+  1-0

[Event "Tirnava"]
[Site "Trnava"]
[Date "1981.??.??"]
[Round "4"]
[White "Cvetkovic, Srdjan"]
[Black "Portisch, Ferenc"]
[Result "1-0"]
[WhiteElo "2410"]
[BlackElo "2425"]

1.d4 Nf6 2.c4 g6 3.Nf3 Bg7 4.g3 O-O 5.Bg2 d6 6.O-O Nbd7 7.Qc2 e5 8.Rd1 Re8
9.dxe5 dxe5 10.e4 Qe7 11.b3 Bf8 12.h3 Nc5 13.Nc3 c6 14.b4 Ne6 15.Rb1 Nd7
16.Be3 Bg7 17.c5 b6 18.Na4 bxc5 19.Nxc5 Ndxc5 20.bxc5 Rd8 21.Qa4 Rxd1+ 22.Rxd1 Bd7
23.Bf1 Be8 24.Bc4 Nxc5 25.Qb4 Qf6 26.Bxc5 Qxf3 27.Rd3  1-0

[Event "Tuzla"]
[Site "Tuzla"]
[Date "1981.??.??"]
[Round "2"]
[White "Vukic, Milan"]
[Black "Nurkic, Sahbaz"]
[Result "1-0"]
[WhiteElo "2485"]
[BlackElo "2200"]

1.d4 Nf6 2.c4 g6 3.Nf3 Bg7 4.g3 O-O 5.Bg2 d6 6.O-O Nbd7 7.Nc3 e5 8.e4 c6
9.h3 a5 10.Re1 Re8 11.Rb1 exd4 12.Nxd4 Nc5 13.b3 Nfd7 14.Be3 Nf8 15.Qd2 Qc7
16.f4 Bd7 17.Bf2 h5 18.Rbd1 Rad8 19.Qc1 Bc8 20.Re2 Nfe6 21.Nf3 Qe7 22.Qd2 Qc7
23.Kh2 Qb6 24.Qc2 Qb4 25.Be1 Qb6 26.Nb1 Qc7 27.Bc3 b6 28.Bxg7 Nxg7 29.Nc3 Rf8
30.Qc1 f6 31.Qe3 Qe7 32.Qf2 Ne8 33.Nd4 Bd7 34.h4 Ng7 35.Kg1 Kh7 36.Qe3 Nge6
37.Nd5 cxd5 38.exd5 Qg7 39.dxe6 Rfe8 40.Bd5 Re7 41.f5 Be8 42.fxg6+  1-0

[Event "Tuzla"]
[Site "Tuzla"]
[Date "1981.??.??"]
[Round "4"]
[White "Sprecic, Mustafa"]
[Black "Vukic, Milan"]
[Result "0-1"]
[WhiteElo "2310"]
[BlackElo "2485"]

1.d4 Nf6 2.Nf3 g6 3.g3 Bg7 4.Bg2 O-O 5.c4 d6 6.O-O c6 7.Nc3 Qa5 8.Qd2 e5
9.d5 c5 10.a3 Ne8 11.e4 Qd8 12.Qc2 Nd7 13.Bg5 Bf6 14.Bd2 Ng7 15.Ne1 Be7 16.Nd3 f5
17.f3 Nf6 18.Rae1 fxe4 19.fxe4 b6 20.Qc1 Bd7 21.Nf2 Qc8 22.Bg5 a6 23.Ncd1 b5
24.Ne3 Rb8 25.Re2 Qd8 26.Bh6 a5 27.cxb5 Rxb5 28.Nfd1 Ng4 29.Rxf8+ Bxf8 30.Nxg4 Bxg4
31.Rf2 Be7 32.Nc3 Rb8 33.Qe3 Nh5 34.Qd3 Nf6 35.h3 Bc8 36.Qf3 Kh8 37.Bg5 Kg7
38.Qe3 Bd7 39.Bh6+ Kh8 40.g4 Be8 41.Qd2 Ng8 42.Be3 Bh4 43.Rf3 Kg7 44.Bf1 h6
45.Bg2 Rb7 46.Bf1 Qb8 47.Ne2 a4 48.g5 h5 49.Qa5 Rxb2 50.Nc3 Be1 51.Bf2 Bd2
52.Be3 Bxc3 53.Qxc3 Rb3 54.Qe1 Rxa3 55.Qf2 Rb3 56.Rf8 a3 57.Bc1 a2 58.Rxe8 Qxe8
59.Qxa2 Qb8 60.Qa4 Rb7 61.Be3 Ra7  0-1

[Event "URS-FL49"]
[Site "Volgodonsk"]
[Date "1981.??.??"]
[Round "8"]
[White "Gorelov, Sergey G"]
[Black "Gulko, Boris F"]
[Result "1-0"]
[WhiteElo "2420"]
[BlackElo "2565"]

1.Nf3 g6 2.d4 Nf6 3.c4 Bg7 4.g3 O-O 5.Bg2 d6 6.O-O Nc6 7.Nc3 Bf5 8.Nh4 Bd7
9.h3 a6 10.Nf3 Rb8 11.e4 b5 12.cxb5 axb5 13.Re1 b4 14.Nd5 Nxd5 15.exd5 Na5
16.Bg5 Re8 17.Rc1 Rb5 18.Qd2 c6 19.dxc6 Bxc6 20.Bh6 Qa8 21.Bxg7 Bxf3 22.Bxf3 Qxf3
23.Bh6 Nc6 24.Qe2 Qxe2 25.Rxe2 Nd8 26.Rc8 f6 27.Bd2 Kf7 28.Re3 Rd5 29.Bxb4 Rxd4
30.Bc3 Rd1+ 31.Kg2 d5 32.Bb4 Rd4 33.a3 e5 34.Rc7+ Ke6 35.Rec3 h5 36.Rc8 Rh8
37.Ba5 Kd7 38.R3c7+ Ke6 39.Rg7 Nb7 40.Rc6+ Nd6 41.Bc7  1-0

[Event "URS-FL49"]
[Site "Volgodonsk"]
[Date "1981.??.??"]
[Round "11"]
[White "Vladimirov, Evgeny"]
[Black "Gufeld, Eduard"]
[Result "1/2-1/2"]
[WhiteElo "2460"]
[BlackElo "2520"]

1.Nf3 Nf6 2.d4 g6 3.c4 Bg7 4.g3 O-O 5.Bg2 d6 6.O-O c5 7.d5 b5 8.cxb5 a6 9.bxa6 Bxa6
10.Nc3 Nbd7 11.h3 Qa5 12.Re1 Rfb8 13.Qc2 Ne8 14.Rb1 Bxc3 15.bxc3 Rxb1 16.Qxb1 Qxc3
17.Bd2 Qc4 18.e4 f6 19.Re3 Rb8 20.Rb3 Rxb3 21.axb3 Qe2 22.Qa1  1/2-1/2

[Event "URS-FL49"]
[Site "Volgodonsk"]
[Date "1981.??.??"]
[Round "17"]
[White "Rashkovsky, Nukhim N"]
[Black "Gulko, Boris F"]
[Result "0-1"]
[WhiteElo "2540"]
[BlackElo "2565"]

1.d4 Nf6 2.c4 g6 3.Nf3 Bg7 4.g3 O-O 5.Bg2 d6 6.Nc3 c6 7.O-O a5 8.b3 Bf5 9.Nh4 Bd7
10.Bb2 Na6 11.Qd2 Rb8 12.Rad1 b5 13.cxb5 cxb5 14.e4 b4 15.Ne2 Bb5 16.Rfe1 e6
17.e5 Nd5 18.Bxd5 exd5 19.Ng2 Nc7 20.Nef4 Qd7 21.Ne3 Rfd8 22.f3 h5 23.Ne2 Ba6
24.f4 dxe5 25.dxe5 d4 26.Nxd4 Ne6 27.f5 Nxd4 28.Qxd4 Qc6 29.Rc1 Qb7 30.Qf4 Rd2
31.Rc2 Rbd8 32.Bc1 Rxc2 33.Nxc2 Qc6 34.Nd4 Rxd4 35.Qxd4 Bb7 36.Kf2 Qf3+ 37.Kg1 Qg2+  0-1

[Event "Vrnjacka Banja"]
[Site "Vrnjacka Banja"]
[Date "1981.??.??"]
[Round "8"]
[White "Schmidt, Wlodzimierz"]
[Black "Sznapik, Aleksander"]
[Result "1-0"]
[WhiteElo "2495"]
[BlackElo "2450"]

1.d4 Nf6 2.c4 g6 3.Nf3 Bg7 4.g3 O-O 5.Bg2 d6 6.Nc3 Nc6 7.O-O a6 8.h3 Rb8
9.e4 Nd7 10.Be3 b5 11.cxb5 axb5 12.Qc1 Na5 13.Bh6 b4 14.Bxg7 Kxg7 15.Nd5 c6
16.Ne3 c5 17.Ng4 f6 18.dxc5 Nxc5 19.e5 Bxg4 20.exf6+ Rxf6 21.hxg4 Qd7 22.g5 Rf7
23.Ne5 dxe5 24.Qxc5 Rb5 25.Rad1 Qe8 26.Qe3 Qb8 27.b3 e6 28.Rd2 Qc7 29.Rfd1 Nb7
30.Qe2 Ra5 31.Qg4 Qb6 32.Bxb7 Qxb7 33.Qxe6 Qf3 34.Qb6 Rxa2 35.Qc5 Rxd2 36.Qxe5+ Kg8
37.Rxd2 Rf8 38.Qe6+ Qf7 39.Qxf7+ Rxf7 40.Rd8+ Kg7 41.Rb8 Rf5 42.f4  1-0

[Event "Yerevan"]
[Site "Yerevan"]
[Date "1981.??.??"]
[Round "1"]
[White "Gofshtein, Leonid D"]
[Black "Kuzmin, Gennadi P"]
[Result "1-0"]
[WhiteElo "2415"]
[BlackElo "2545"]

1.d4 Nf6 2.c4 g6 3.Nf3 Bg7 4.g3 O-O 5.Bg2 d6 6.Nc3 Nc6 7.O-O a6 8.b3 Rb8
9.Bb2 b5 10.cxb5 axb5 11.Rc1 Bd7 12.Qc2 Na7 13.e4 b4 14.Na4 Bb5 15.Rfe1 c6
16.h4 e6 17.e5 Nd5 18.exd6 Bxa4 19.bxa4 Qxd6 20.Ne5 Rb7 21.Qb3 Rc8 22.Rc5 Bf8
23.Rec1 Rbc7 24.Nd3 Qd8 25.R5c2 h5 26.Nc5 Qf6 27.Qd3 Ra8 28.Bh3 Re8 29.Re1 Bh6
30.Bc1 Bxc1 31.Rcxc1 Nc8 32.Na6 Ra7 33.Rxc6 Nce7 34.Rd6 Rea8 35.Nc5 Nf5 36.Bxf5 Qxf5
37.Qb3 Re8  1-0

[Event "DDR-POL"]
[Site "Zinnowitz"]
[Date "1981.??.??"]
[Round "?"]
[White "Schmidt, Wlodzimierz"]
[Black "Uhlmann, Wolfgang"]
[Result "0-1"]
[WhiteElo "2475"]
[BlackElo "2510"]

1.d4 Nf6 2.c4 g6 3.Nf3 Bg7 4.g3 O-O 5.Bg2 d6 6.Nc3 Nbd7 7.O-O e5 8.e4 c6
9.h3 exd4 10.Nxd4 Qb6 11.Re1 Ne8 12.Nb3 a5 13.Na4 Qb4 14.Nd2 Nc5 15.Nxc5 dxc5
16.a3 Qb6 17.e5 Nc7 18.Nf3 Bf5 19.Be3 Ne6 20.Qc1 Rad8 21.g4 Bd3 22.Qc3 Be4
23.Ng5 Rd3 24.Qc1 Nxg5 25.Bxg5 Bxg2 26.Kxg2 Qb3 27.Bf6 Rd4 28.Qe3 Qxc4 29.Rac1 Qd5+
30.Kg1 Re8 31.g5 b6 32.e6 Rxe6 33.Qg3 Bxf6 34.gxf6  0-1